000 00871nam a2200253 i 4500
001 21436
003 ES-MaACL
005 20230906152458.0
007 t|
008 021125s1878 sp |||| |aspa d
100 1 _aAlcalá Galiano, Antonio,
_d1789-1865
_919459
245 1 0 _aRecuerdos de un anciano /
_cpor Antonio Alcalá Galiano.
260 _aMadrid :
_bVíctor Saiz,
_c1878.
300 _a545 p. ;
_c18 cm.
490 1 _aBiblioteca clásica
530 _aDisponible en formato digital.
600 1 4 _aAlcalá Galiano, Antonio,
_d1789-1865
_919459
651 4 _aEspaña-
_xHistoria-
_yS.XIX-
_vRelatos personales.
_98356
830 0 _aBiblioteca clásica
_9180370
852 _aES-MaACL
_jF-13019
852 _aES-MaACL
_jD-2152
856 _uhttp://bdh-rd.bne.es/viewer.vm?id=0000103088&page=1
_zBiblioteca Digital Hispánica
999 _c21436
_d21436